| 000 | 00567nam a2200205 a 4500 | ||
|---|---|---|---|
| 005 | 20210219153337.0 | ||
| 008 | 991125n 000 0 u | ||
| 035 | _aUPN01000092660 | ||
| 100 | _aPRATT, Silvia | ||
| 222 | _aFORO UNIVERSITARIO | ||
| 245 | _aPlanes y programas de estudio de las licenciaturas en traducción e interpretación en el ISIT | ||
| 300 | _a38-40 | ||
| 362 | _a1991 Año 14, no. 95, dic. | ||
| 653 | 0 | _aEDUCACION SUPERIOR | |
| 653 | 0 | _aISIT | |
| 653 | 0 | _aMEXICO | |
| 653 | 0 | _aTRADUCCION | |
| 904 |
_aAC _b030471 |
||
| 905 | _aArticulo | ||
| 999 |
_c74427 _d74427 |
||